|
|
|
|
| LEADER |
00621cam a2200169 7i4500 |
| 001 |
0000002573 |
| 005 |
19991025090000.0 |
| 002 |
##000003796 |
| 020 |
0 |
0 |
|a 0-7506-0152-3
|
| 090 |
0 |
0 |
|a B 658.80023
|b CRO
|
| 100 |
0 |
0 |
|a Crofts
|
| 245 |
0 |
0 |
|a Managing your marketing career.
|
| 260 |
0 |
0 |
|a Oxford:
|b Butterworth-Heinemann Ltd,
|c 1991.
|
| 300 |
0 |
0 |
|a 164p.
|
| 500 |
0 |
0 |
|a This book provides a practical reference on how to develop individual knowledge, skill and experience in order to plan, develop and secure a long-term successful career in marketing
|
| 650 |
0 |
0 |
|a Marketing
|
| 999 |
|
|
|a 0000004314
|b Book
|c Open shelf
|e Business Information Centre
|